00626nam a2200193Ia 4500003000400000005001700004008004100021040000700062041000800069082002100077100002700098245003800125260005500163365001300218906003800231942001200269999001900281952013200300OSt20230529160421.0210423s2010 xx 000 0 und d cAL aeng a302.2 223bDESM aDESAI (Kapil).9116049 aMedia ethics and social change. aNew DelhibSwastik Publishers & Distributorsc2010 b695cINR achange. ; ethics ; Media ; social 2ddccBK c175414d175414 001040708MSWaSACPGbSACPGd2009-09-11eAlka Prakashang695.00l0o302.2 DESMpPG022114r2022-08-24 00:00:00w2021-04-26yBK